[Event "ODJM A 2024"]
[Site "Willingen GER"]
[Date "2024.05.22"]
[Round "6"]
[White "Uhlmann, Tim"]
[Black "Kruse, Victor"]
[Result "1-0"]
[Termination "normal"]
[Board "1"]
[WhiteElo "1920"]
[BlackElo "2030"]
[WhiteClock "00:03:07"]
[BlackClock "00:02:52"]
[PlyCount "87"]
[WhiteFideId "16239210"]
[BlackFideId "16256964"]
[EventCountry "GER"]
[EventRounds "9"]
[EventType "swiss"]
[EventDate "2024.05.18"]

1. e4 {[%clk 01:30:55]} {[%emt 00:00:04]} c6 {[%clk 01:30:48]} {[%emt
00:00:13]} 2. Nf3 {[%clk 01:31:04]} {[%emt 00:00:21]} d5 {[%clk 01:31:11]}
{[%emt 00:00:07]} 3. d3 {[%clk 01:31:28]} {[%emt 00:00:06]} g6 {[%clk
01:28:12]} {[%emt 00:03:30]} 4. Nc3 {[%clk 01:30:27]} {[%emt 00:01:30]} Bg7
{[%clk 01:25:20]} {[%emt 00:03:22]} 5. g3 {[%clk 01:26:55]} {[%emt 00:04:02]}
Bg4 {[%clk 01:22:14]} {[%emt 00:03:35]} 6. Bg2 {[%clk 01:24:35]} {[%emt
00:02:50]} e6 {[%clk 01:21:17]} {[%emt 00:01:27]} 7. O-O {[%clk 01:23:41]}
{[%emt 00:01:25]} Nd7 {[%clk 01:20:39]} {[%emt 00:01:09]} 8. h3 {[%clk
01:23:14]} {[%emt 00:00:57]} Bxf3 {[%clk 01:21:02]} {[%emt 00:00:07]} 9. Qxf3
{[%clk 01:21:34]} {[%emt 00:02:10]} Ne7 {[%emt 00:01:53]} 10. exd5 {[%clk
01:20:18]} {[%emt 00:00:17]} Nxd5 {[%clk 01:16:04]} {[%emt 00:05:34]} 11. Ne4
{[%clk 01:15:27]} {[%emt 00:05:21]} O-O {[%clk 01:11:35]} {[%emt 00:04:58]} 12.
Qe2 {[%clk 01:12:12]} {[%emt 00:03:46]} Qb6 {[%clk 01:05:25]} {[%emt 00:06:40]}
13. c3 {[%clk 01:08:42]} {[%emt 00:04:00]} a5 {[%clk 01:02:09]} {[%emt
00:03:47]} 14. d4 {[%clk 01:07:04]} {[%emt 00:02:08]} a4 {[%clk 00:57:21]}
{[%emt 00:05:18]} 15. a3 {[%clk 01:02:49]} {[%emt 00:04:45]} Qa6 {[%clk
00:55:31]} {[%emt 00:02:19]} 16. Qc2 {[%clk 00:57:53]} {[%emt 00:05:26]} b5
{[%clk 00:52:35]} {[%emt 00:03:26]} 17. f4 {[%clk 00:56:21]} {[%emt 00:02:02]}
Qa7 {[%clk 00:51:55]} {[%emt 00:01:11]} 18. g4 {[%clk 00:51:43]} {[%emt
00:05:08]} Rad8 {[%clk 00:49:38]} {[%emt 00:02:46]} 19. Kh1 {[%clk 00:50:33]}
{[%emt 00:01:40]} c5 {[%clk 00:48:42]} {[%emt 00:01:27]} 20. dxc5 {[%clk
00:46:28]} {[%emt 00:04:36]} f5 {[%clk 00:41:36]} {[%emt 00:07:36]} 21. gxf5
{[%clk 00:38:33]} {[%emt 00:08:26]} gxf5 {[%clk 00:40:46]} {[%emt 00:01:19]}
22. Ng5 {[%clk 00:33:51]} {[%emt 00:05:12]} Nxc5 {[%clk 00:40:00]} {[%emt
00:01:16]} 23. c4 {[%clk 00:27:44]} {[%emt 00:06:37]} bxc4 {[%clk 00:26:14]}
{[%emt 00:16:36]} 24. Qxc4 {[%clk 00:27:45]} {[%emt 00:00:04]} Nb3 {[%clk
00:26:35]} 25. Nxe6 {[%clk 00:26:07]} {[%emt 00:00:21]} Nb6 {[%clk 00:25:58]}
{[%emt 00:01:08]} 26. Qb5 {[%clk 00:23:37]} {[%emt 00:02:59]} Nxa1 {[%clk
00:22:18]} {[%emt 00:04:10]} 27. Nxd8 {[%clk 00:22:23]} {[%emt 00:01:44]} Rxd8
{[%clk 00:19:43]} {[%emt 00:03:05]} 28. Be3 {[%clk 00:22:40]} {[%emt 00:00:14]}
Qd7 {[%emt 00:04:26]} 29. Qxd7 {[%clk 00:17:02]} {[%emt 00:06:04]} Rxd7 {[%clk
00:14:14]} {[%emt 00:02:07]} 30. Bxb6 {[%clk 00:17:07]} {[%emt 00:00:25]} Bxb2
{[%clk 00:14:06]} {[%emt 00:00:37]} 31. Rb1 {[%clk 00:15:47]} {[%emt 00:01:50]}
Bc3 {[%clk 00:04:45]} {[%emt 00:09:51]} 32. Bc6 {[%clk 00:14:48]} {[%emt
00:01:28]} Rd3 {[%clk 00:05:04]} {[%emt 00:00:11]} 33. Bxa4 {[%clk 00:14:19]}
{[%emt 00:00:59]} Rxh3+ {[%clk 00:05:26]} {[%emt 00:00:08]} 34. Kg2 {[%clk
00:13:55]} {[%emt 00:00:53]} Rd3 {[%clk 00:05:54]} {[%emt 00:03:20]} 35. Rd1
{[%clk 00:12:16]} {[%emt 00:00:12]} Bd2 {[%clk 00:01:22]} {[%emt 00:03:41]} 36.
Rxa1 {[%clk 00:08:24]} {[%emt 00:06:01]} Bxf4 {[%clk 00:01:48]} 37. Bb5 {[%clk
00:04:54]} {[%emt 00:02:26]} Rd2+ {[%clk 00:01:56]} {[%emt 00:00:22]} 38. Kf3
{[%clk 00:04:27]} {[%emt 00:00:56]} Be5 {[%clk 00:02:23]} {[%emt 00:00:04]} 39.
Re1 {[%clk 00:03:27]} {[%emt 00:01:29]} Bf6 {[%clk 00:02:43]} {[%emt 00:00:10]}
40. a4 {[%clk 00:03:07]} {[%emt 00:00:51]} Rb2 {[%clk 00:02:42]} {[%emt
00:00:30]} 41. Bc4+ {[%clk 00:02:43]} {[%emt 00:00:54]} Kg7 {[%clk 00:02:12]}
{[%emt 00:01:00]} 42. Rg1+ {[%clk 00:02:55]} {[%emt 00:00:17]} Kf8 {[%clk
00:02:29]} {[%emt 00:00:13]} 43. Rg8+ {[%clk 00:02:51]} {[%emt 00:00:35]} Ke7
{[%clk 00:02:52]} {[%emt 00:00:06]} 44. Bd8+ {[%clk 00:03:07]} {[%emt
00:00:13]} 1-0

[Event "ODJM A 2024"]
[Site "Willingen GER"]
[Date "2024.05.22"]
[Round "6"]
[White "Wübker, Paul-Luca"]
[Black "Gallasch, Robin"]
[Result "1-0"]
[Termination "normal"]
[Board "2"]
[WhiteElo "2267"]
[BlackElo "2119"]
[WhiteClock "00:23:28"]
[BlackClock "00:05:37"]
[PlyCount "57"]
[WhiteFideId "12939528"]
[BlackFideId "16222423"]
[EventCountry "GER"]
[EventRounds "9"]
[EventType "swiss"]
[EventDate "2024.05.18"]

1. d4 {[%clk 01:30:58]} {[%emt 00:00:01]} g6 {[%clk 01:30:21]} {[%emt
00:00:39]} 2. c4 {[%clk 01:30:52]} {[%emt 00:00:36]} Bg7 {[%clk 01:30:46]}
{[%emt 00:00:05]} 3. Nf3 {[%clk 01:30:05]} {[%emt 00:01:17]} d6 {[%clk
01:30:55]} {[%emt 00:00:21]} 4. e4 {[%clk 01:30:10]} {[%emt 00:00:25]} Bg4
{[%clk 01:24:33]} {[%emt 00:06:52]} 5. Be2 {[%clk 01:30:22]} {[%emt 00:00:18]}
Bxf3 {[%clk 01:24:41]} {[%emt 00:00:22]} 6. Bxf3 {[%clk 01:30:42]} {[%emt
00:00:09]} Nc6 {[%clk 01:25:08]} {[%emt 00:00:03]} 7. Be3 {[%clk 01:27:05]}
{[%emt 00:04:08]} e5 {[%clk 01:25:12]} {[%emt 00:00:26]} 8. d5 {[%clk
01:12:50]} {[%emt 00:14:45]} Nd4 {[%clk 01:25:27]} {[%emt 00:00:15]} 9. Nc3
{[%clk 01:13:13]} {[%emt 00:00:07]} Ne7 {[%clk 01:18:49]} {[%emt 00:07:06]} 10.
Nb5 {[%clk 01:05:15]} {[%emt 00:08:30]} c5 {[%clk 01:16:20]} {[%emt 00:02:59]}
11. dxc6 {[%clk 01:05:34]} {[%emt 00:00:11]} Nexc6 {[%clk 01:16:39]} {[%emt
00:00:10]} 12. Nc3 {[%clk 01:01:12]} {[%emt 00:04:52]} O-O {[%clk 01:12:58]}
{[%emt 00:04:11]} 13. O-O {[%clk 00:58:18]} {[%emt 00:03:24]} Kh8 {[%clk
00:59:36]} {[%emt 00:13:52]} 14. Rb1 {[%clk 00:57:07]} {[%emt 00:01:41]} Rc8
{[%clk 00:51:30]} {[%emt 00:08:35]} 15. b3 {[%clk 00:53:50]} {[%emt 00:03:48]}
b6 {[%clk 00:44:57]} {[%emt 00:07:02]} 16. Re1 {[%clk 00:52:27]} {[%emt
00:01:53]} Qd7 {[%clk 00:41:00]} {[%emt 00:04:20]} 17. Bg4 {[%clk 00:42:09]}
{[%emt 00:10:55]} f5 {[%clk 00:39:31]} {[%emt 00:01:58]} 18. Bh3 {[%clk
00:42:36]} {[%emt 00:00:04]} Qf7 {[%clk 00:36:19]} {[%emt 00:03:40]} 19. Rf1
{[%clk 00:40:08]} {[%emt 00:02:59]} Rce8 {[%clk 00:28:02]} {[%emt 00:08:48]}
20. exf5 {[%clk 00:33:28]} {[%emt 00:07:10]} gxf5 {[%clk 00:25:23]} {[%emt
00:03:10]} 21. f4 {[%clk 00:32:44]} {[%emt 00:01:14]} e4 {[%clk 00:23:43]}
{[%emt 00:02:10]} 22. Qd2 {[%clk 00:31:37]} {[%emt 00:01:37]} Rd8 {[%clk
00:21:40]} {[%emt 00:05:09]} 23. Rfd1 {[%clk 00:30:51]} {[%emt 00:00:10]} Ne6
{[%clk 00:20:49]} {[%emt 00:00:11]} 24. Nb5 {[%clk 00:28:35]} {[%emt 00:02:27]}
Nc5 {[%clk 00:16:36]} {[%emt 00:04:43]} 25. Qd5 {[%clk 00:27:50]} {[%emt
00:01:14]} Nd3 {[%clk 00:08:54]} {[%emt 00:08:12]} 26. Qxc6 {[%clk 00:23:39]}
{[%emt 00:04:41]} Nb4 {[%clk 00:09:11]} {[%emt 00:00:13]} 27. Nxd6 {[%clk
00:23:53]} {[%emt 00:00:17]} Qe6 {[%clk 00:05:36]} {[%emt 00:04:04]} 28. Qb5
{[%clk 00:23:35]} {[%emt 00:00:49]} Nc2 {[%clk 00:05:37]} {[%emt 00:00:28]} 29.
Nxf5 {[%clk 00:23:28]} {[%emt 00:00:38]} 1-0

[Event "ODJM A 2024"]
[Site "Willingen GER"]
[Date "2024.05.22"]
[Round "6"]
[White "Sabirov, Rafael"]
[Black "Kamp, Aaron"]
[Result "1/2-1/2"]
[Termination "normal"]
[Board "3"]
[WhiteElo "2169"]
[BlackElo "1996"]
[WhiteClock "00:30:24"]
[BlackClock "00:29:51"]
[PlyCount "106"]
[WhiteFideId "16241185"]
[BlackFideId "16231120"]
[EventCountry "GER"]
[EventRounds "9"]
[EventType "swiss"]
[EventDate "2024.05.18"]

1. e4 {[%clk 01:30:59]} c5 {[%clk 01:30:52]} {[%emt 00:00:08]} 2. Nc3 {[%clk
01:31:25]} {[%emt 00:00:04]} Nc6 {[%clk 01:31:17]} {[%emt 00:00:05]} 3. Bb5
{[%clk 01:31:32]} {[%emt 00:00:23]} Nd4 {[%clk 01:31:39]} {[%emt 00:00:08]} 4.
Nf3 {[%clk 01:31:55]} {[%emt 00:00:07]} a6 {[%clk 01:31:58]} {[%emt 00:00:11]}
5. Bd3 {[%clk 01:32:18]} {[%emt 00:00:07]} g6 {[%clk 01:31:52]} {[%emt
00:00:36]} 6. O-O {[%clk 01:28:54]} {[%emt 00:03:55]} Bg7 {[%clk 01:31:59]}
{[%emt 00:00:22]} 7. Re1 {[%clk 01:28:34]} {[%emt 00:00:51]} d6 {[%clk
01:29:43]} {[%emt 00:02:46]} 8. Nxd4 {[%clk 01:27:50]} {[%emt 00:01:14]} cxd4
{[%clk 01:29:19]} {[%emt 00:00:54]} 9. Ne2 {[%clk 01:28:14]} {[%emt 00:00:05]}
d5 {[%clk 01:21:54]} {[%emt 00:07:55]} 10. c3 {[%clk 01:20:47]} {[%emt
00:07:58]} dxe4 {[%clk 01:21:10]} {[%emt 00:01:14]} 11. Bxe4 {[%clk 01:20:52]}
{[%emt 00:00:25]} dxc3 {[%clk 01:16:59]} {[%emt 00:04:41]} 12. dxc3 {[%clk
01:21:04]} {[%emt 00:00:18]} Qxd1 {[%clk 01:15:20]} {[%emt 00:02:08]} 13. Rxd1
{[%clk 01:19:24]} {[%emt 00:02:10]} Nf6 {[%clk 01:14:04]} {[%emt 00:01:47]} 14.
Bf3 {[%clk 01:19:36]} {[%emt 00:00:18]} e5 {[%clk 01:04:31]} {[%emt 00:10:02]}
15. Ng3 {[%clk 01:15:54]} {[%emt 00:04:13]} O-O {[%clk 01:03:07]} {[%emt
00:01:54]} 16. Ne4 {[%clk 01:11:37]} {[%emt 00:04:47]} Nxe4 {[%clk 01:00:29]}
{[%emt 00:03:08]} 17. Bxe4 {[%clk 01:10:51]} {[%emt 00:01:16]} Rb8 {[%clk
00:59:06]} {[%emt 00:01:53]} 18. Be3 {[%clk 01:11:07]} {[%emt 00:00:15]} Bf5
{[%clk 00:57:11]} {[%emt 00:02:24]} 19. Bxf5 {[%clk 01:05:11]} {[%emt
00:06:26]} gxf5 {[%clk 00:57:33]} {[%emt 00:00:08]} 20. Bb6 {[%clk 01:04:31]}
{[%emt 00:01:10]} Rfc8 {[%clk 00:53:09]} {[%emt 00:04:54]} 21. a4 {[%clk
00:49:58]} {[%emt 00:15:04]} Bf6 {[%clk 00:51:24]} {[%emt 00:02:14]} 22. Rd7
{[%clk 00:49:20]} {[%emt 00:01:08]} Bd8 {[%clk 00:48:08]} {[%emt 00:03:45]} 23.
Ba7 {[%clk 00:46:15]} {[%emt 00:03:35]} Ra8 {[%clk 00:48:07]} {[%emt 00:00:32]}
24. Rxb7 {[%clk 00:46:18]} {[%emt 00:00:26]} Rc7 {[%clk 00:46:26]} {[%emt
00:02:10]} 25. Rxc7 {[%clk 00:46:31]} {[%emt 00:00:18]} Bxc7 {[%clk 00:46:50]}
{[%emt 00:00:06]} 26. Bc5 {[%clk 00:44:27]} {[%emt 00:02:34]} Rb8 {[%clk
00:46:09]} {[%emt 00:01:11]} 27. Rb1 {[%clk 00:37:53]} {[%emt 00:07:05]} Kg7
{[%clk 00:41:20]} {[%emt 00:05:18]} 28. Kf1 {[%clk 00:37:21]} {[%emt 00:01:02]}
Kf6 {[%clk 00:41:26]} {[%emt 00:00:25]} 29. b4 {[%clk 00:36:43]} {[%emt
00:01:08]} Ke6 {[%clk 00:40:55]} {[%emt 00:00:59]} 30. Rd1 {[%clk 00:23:48]}
{[%emt 00:13:26]} e4 {[%clk 00:35:56]} {[%emt 00:06:45]} 31. c4 {[%clk
00:23:26]} {[%emt 00:00:07]} Be5 {[%clk 00:34:53]} {[%emt 00:01:03]} 32. h3
{[%clk 00:21:49]} {[%emt 00:02:07]} f4 {[%clk 00:33:07]} {[%emt 00:02:15]} 33.
Ke2 {[%clk 00:21:59]} {[%emt 00:00:21]} Rg8 {[%clk 00:31:40]} {[%emt 00:01:57]}
34. Bd4 {[%clk 00:18:41]} {[%emt 00:03:49]} Rxg2 {[%clk 00:29:40]} {[%emt
00:02:29]} 35. Kf1 {[%clk 00:07:20]} {[%emt 00:11:52]} Rh2 {[%clk 00:25:14]}
{[%emt 00:04:54]} 36. Bxe5 {[%clk 00:05:36]} {[%emt 00:02:16]} Rh1+ {[%clk
00:24:03]} {[%emt 00:01:40]} 37. Ke2 {[%clk 00:05:38]} {[%emt 00:00:28]} Rxd1
{[%clk 00:18:29]} {[%emt 00:06:04]} 38. Kxd1 {[%clk 00:02:04]} {[%emt
00:04:53]} Kxe5 {[%clk 00:18:50]} {[%emt 00:00:01]} 39. a5 {[%clk 00:01:36]}
{[%emt 00:00:18]} Kd6 {[%clk 00:17:53]} {[%emt 00:01:26]} 40. Kd2 {[%clk
00:01:07]} {[%emt 00:00:59]} Kc6 {[%clk 00:15:05]} {[%emt 00:03:18]} 41. Kc3
{[%clk 00:28:19]} {[%emt 00:03:45]} f5 {[%clk 00:42:43]} {[%emt 00:02:24]} 42.
Kd4 {[%clk 00:28:27]} {[%emt 00:00:21]} f3 {[%clk 00:39:13]} {[%emt 00:04:00]}
43. Ke3 {[%clk 00:27:15]} {[%emt 00:01:44]} Kc7 {[%clk 00:32:00]} {[%emt
00:07:43]} 44. b5 {[%clk 00:27:23]} {[%emt 00:00:22]} axb5 {[%clk 00:31:38]}
{[%emt 00:00:53]} 45. cxb5 {[%clk 00:27:47]} {[%emt 00:00:06]} Kb7 {[%clk
00:31:16]} {[%emt 00:00:51]} 46. Kd4 {[%clk 00:28:08]} {[%emt 00:00:09]} Ka7
{[%clk 00:30:31]} {[%emt 00:01:15]} 47. Ke3 {[%clk 00:28:22]} {[%emt 00:00:16]}
Kb7 {[%clk 00:30:49]} {[%emt 00:00:12]} 48. Kf4 {[%clk 00:28:44]} {[%emt
00:00:08]} Ka7 {[%clk 00:30:54]} {[%emt 00:00:24]} 49. Kg3 {[%clk 00:29:06]}
{[%emt 00:00:08]} Kb7 {[%clk 00:30:58]} {[%emt 00:00:26]} 50. a6+ {[%clk
00:29:13]} {[%emt 00:00:24]} Kb6 {[%clk 00:30:42]} {[%emt 00:00:45]} 51. h4
{[%clk 00:29:34]} {[%emt 00:00:09]} h6 {[%clk 00:29:08]} {[%emt 00:02:04]} 52.
h5 {[%clk 00:29:59]} {[%emt 00:00:05]} Ka7 {[%clk 00:29:32]} {[%emt 00:00:06]}
53. Kf4 {[%clk 00:30:24]} {[%emt 00:00:05]} Kb6 {[%clk 00:29:51]} {[%emt
00:00:11]} 1/2-1/2

[Event "ODJM A 2024"]
[Site "Willingen GER"]
[Date "2024.05.22"]
[Round "6"]
[White "Brockhoff, Moritz"]
[Black "Weigand, Anton"]
[Result "0-1"]
[Termination "normal"]
[Board "4"]
[WhiteElo "2013"]
[BlackElo "2091"]
[WhiteClock "00:01:28"]
[BlackClock "00:04:44"]
[PlyCount "74"]
[WhiteFideId "16214927"]
[BlackFideId "16221915"]
[EventCountry "GER"]
[EventRounds "9"]
[EventType "swiss"]
[EventDate "2024.05.18"]

1. e4 {[%clk 01:30:59]} {[%emt 00:00:01]} c5 {[%clk 01:30:51]} {[%emt
00:00:09]} 2. Nf3 {[%clk 01:31:25]} {[%emt 00:00:04]} e6 {[%clk 01:31:18]}
{[%emt 00:00:03]} 3. d4 {[%clk 01:31:51]} {[%emt 00:00:05]} cxd4 {[%clk
01:31:38]} {[%emt 00:00:10]} 4. Nxd4 {[%clk 01:32:15]} {[%emt 00:00:06]} Nf6
{[%clk 01:32:02]} {[%emt 00:00:05]} 5. Nc3 {[%clk 01:32:42]} {[%emt 00:00:03]}
Nc6 {[%clk 01:32:26]} {[%emt 00:00:06]} 6. Nxc6 {[%clk 01:33:06]} {[%emt
00:00:06]} bxc6 {[%clk 01:32:46]} {[%emt 00:00:10]} 7. e5 {[%clk 01:33:32]}
{[%emt 00:00:05]} Nd5 {[%clk 01:33:09]} {[%emt 00:00:06]} 8. Ne4 {[%clk
01:33:59]} {[%emt 00:00:02]} Bb7 {[%clk 01:32:56]} {[%emt 00:00:43]} 9. c4
{[%clk 01:33:35]} {[%emt 00:00:55]} Nb4 {[%clk 01:33:03]} {[%emt 00:00:23]} 10.
c5 {[%clk 01:31:55]} {[%emt 00:02:10]} Qb8 {[%clk 01:30:56]} {[%emt 00:02:35]}
11. Nd6+ {[%clk 01:25:18]} {[%emt 00:07:09]} Bxd6 {[%clk 01:31:16]} {[%emt
00:00:09]} 12. cxd6 {[%clk 01:25:42]} {[%emt 00:00:07]} Ba6 {[%clk 01:31:34]}
{[%emt 00:00:10]} 13. Bxa6 {[%clk 01:20:42]} {[%emt 00:05:31]} Nxa6 {[%clk
01:30:38]} {[%emt 00:01:26]} 14. O-O {[%clk 01:20:54]} {[%emt 00:00:18]} O-O
{[%clk 01:26:59]} {[%emt 00:04:08]} 15. Bg5 {[%clk 01:09:30]} {[%emt 00:11:55]}
Qxb2 {[%clk 01:19:16]} {[%emt 00:08:12]} 16. Re1 {[%clk 01:08:53]} {[%emt
00:01:08]} Rfb8 {[%clk 00:49:09]} {[%emt 00:30:37]} 17. Qg4 {[%clk 00:56:52]}
{[%emt 00:12:31]} Rb4 {[%clk 00:43:45]} {[%emt 00:05:53]} 18. Qg3 {[%clk
00:54:54]} {[%emt 00:02:29]} Qc2 {[%clk 00:39:24]} {[%emt 00:04:50]} 19. h4
{[%clk 00:47:26]} {[%emt 00:07:58]} Rab8 {[%clk 00:37:34]} {[%emt 00:02:20]}
20. Rac1 {[%clk 00:47:26]} {[%emt 00:00:31]} Qg6 {[%clk 00:22:49]} {[%emt
00:15:14]} 21. Qa3 {[%clk 00:44:55]} {[%emt 00:03:01]} h6 {[%clk 00:22:40]}
{[%emt 00:00:39]} 22. Be7 {[%clk 00:39:55]} {[%emt 00:05:30]} Rg4 {[%clk
00:21:24]} {[%emt 00:01:45]} 23. g3 {[%clk 00:39:44]} {[%emt 00:00:43]} Nb4
{[%clk 00:19:46]} {[%emt 00:02:08]} 24. Qxa7 {[%clk 00:36:49]} {[%emt
00:07:47]} Rb5 {[%clk 00:20:01]} 25. Re3 {[%clk 00:22:38]} {[%emt 00:10:33]}
Nd3 {[%clk 00:17:19]} {[%emt 00:03:12]} 26. Rf1 {[%clk 00:21:02]} {[%emt
00:02:06]} Nxe5 {[%clk 00:16:19]} {[%emt 00:01:31]} 27. a4 {[%clk 00:17:19]}
{[%emt 00:04:13]} Rb2 {[%clk 00:14:24]} {[%emt 00:02:23]} 28. Qc5 {[%clk
00:12:40]} {[%emt 00:05:10]} f6 {[%clk 00:14:26]} {[%emt 00:00:28]} 29. Kh1
{[%clk 00:11:17]} {[%emt 00:01:53]} Rxa4 {[%clk 00:12:12]} {[%emt 00:02:43]}
30. Ra3 {[%clk 00:02:58]} {[%emt 00:11:58]} Qe4+ {[%clk 00:06:54]} {[%emt
00:02:39]} 31. Kh2 {[%clk 00:02:15]} {[%emt 00:01:13]} Nf3+ {[%clk 00:06:54]}
{[%emt 00:00:31]} 32. Kh3 {[%clk 00:02:32]} {[%emt 00:00:13]} Qg4+ {[%clk
00:07:01]} {[%emt 00:00:21]} 33. Kg2 {[%clk 00:02:43]} {[%emt 00:00:21]} Nxh4+
{[%clk 00:07:05]} {[%emt 00:00:26]} 34. Kh2 {[%clk 00:03:03]} {[%emt 00:00:10]}
Nf3+ {[%clk 00:06:02]} {[%emt 00:03:56]} 35. Kg2 {[%clk 00:03:30]} Ng5 {[%clk
00:05:54]} {[%emt 00:00:02]} 36. Re3 {[%clk 00:03:12]} {[%emt 00:00:07]} Raa2
{[%clk 00:05:02]} {[%emt 00:00:18]} 37. Kg1 {[%clk 00:01:28]} {[%emt 00:02:15]}
Nh3+ {[%clk 00:04:44]} {[%emt 00:00:47]} 0-1

[Event "ODJM A 2024"]
[Site "Willingen GER"]
[Date "2024.05.22"]
[Round "6"]
[White "Hofmann, Lorenz"]
[Black "Paeslack, Luis"]
[Result "1/2-1/2"]
[Termination "normal"]
[Board "5"]
[WhiteElo "2124"]
[BlackElo "2003"]
[WhiteClock "00:16:51"]
[BlackClock "00:12:11"]
[PlyCount "42"]
[WhiteFideId "12995509"]
[BlackFideId "12987760"]
[EventCountry "GER"]
[EventRounds "9"]
[EventType "swiss"]
[EventDate "2024.05.18"]

1. c4 {[%clk 01:30:58]} {[%emt 00:00:01]} e6 {[%clk 01:27:03]} {[%emt
00:03:57]} 2. g3 {[%clk 01:30:11]} {[%emt 00:01:17]} d5 {[%clk 01:25:43]}
{[%emt 00:01:50]} 3. cxd5 {[%clk 01:25:30]} {[%emt 00:05:12]} exd5 {[%clk
01:23:06]} {[%emt 00:03:06]} 4. Bg2 {[%clk 01:25:52]} {[%emt 00:00:08]} Nf6
{[%clk 01:19:51]} {[%emt 00:03:44]} 5. Nf3 {[%clk 01:26:09]} {[%emt 00:00:14]}
c6 {[%clk 01:11:08]} {[%emt 00:09:13]} 6. O-O {[%clk 01:26:30]} {[%emt
00:00:09]} Bf5 {[%clk 01:10:53]} {[%emt 00:00:45]} 7. d3 {[%clk 01:25:03]}
{[%emt 00:01:58]} Bd6 {[%clk 01:07:34]} {[%emt 00:03:48]} 8. Bg5 {[%clk
01:20:09]} {[%emt 00:05:24]} O-O {[%clk 00:54:52]} {[%emt 00:13:12]} 9. Qb3
{[%clk 01:15:35]} {[%emt 00:05:04]} Qb6 {[%clk 00:45:52]} {[%emt 00:09:29]} 10.
Qxb6 {[%clk 01:07:51]} {[%emt 00:08:15]} axb6 {[%clk 00:46:14]} {[%emt
00:00:07]} 11. Bxf6 {[%clk 01:08:18]} {[%emt 00:00:03]} gxf6 {[%clk 00:46:39]}
{[%emt 00:00:06]} 12. Nbd2 {[%clk 01:07:34]} {[%emt 00:01:14]} Nd7 {[%clk
00:43:30]} {[%emt 00:03:38]} 13. Nh4 {[%clk 00:58:03]} {[%emt 00:10:01]} Be6
{[%clk 00:34:13]} {[%emt 00:09:47]} 14. Nb3 {[%clk 00:38:11]} {[%emt 00:20:23]}
Nc5 {[%clk 00:26:12]} {[%emt 00:08:30]} 15. Nxc5 {[%clk 00:33:12]} {[%emt
00:05:29]} Bxc5 {[%clk 00:23:53]} {[%emt 00:02:49]} 16. a3 {[%clk 00:33:36]}
{[%emt 00:00:06]} b5 {[%clk 00:23:34]} {[%emt 00:00:48]} 17. e3 {[%clk
00:30:24]} {[%emt 00:03:42]} Ra4 {[%clk 00:20:41]} {[%emt 00:03:22]} 18. Rac1
{[%clk 00:28:49]} {[%emt 00:05:08]} Bd6 {[%clk 00:19:24]} {[%emt 00:00:12]} 19.
Bf3 {[%clk 00:28:08]} {[%emt 00:00:09]} Ra6 {[%clk 00:15:04]} {[%emt 00:04:24]}
20. d4 {[%clk 00:16:28]} {[%emt 00:12:10]} b4 {[%clk 00:13:36]} {[%emt
00:01:58]} 21. Be2 {[%clk 00:16:51]} {[%emt 00:00:07]} Ra7 {[%clk 00:12:11]}
{[%emt 00:01:55]} 1/2-1/2